000 00281nam a22001217a 4500
003 SGT
082 _a618.1
_bG08S
100 _aSTOVALL, THOMAS G.
245 _aGYNECOLOGY FOR THE PRIMARY CARE PHYSICIAN
260 _aNEW YORK
_bSPRINGER
_c2008
300 _a424
942 _2ddc
_cBK
999 _c14772
_d14772